High possibility STEM classrooms : integrated STEM learning in research and practice

Guardat en:
Dades bibliogràfiques
Autor principal: HUNTER, Jane
Format: Llibre
Idioma:anglès
Publicat: Routledge 2021
Etiquetes: Afegir etiqueta
Sense etiquetes, Sigues el primer a etiquetar aquest registre!

MARC

LEADER 00000nam a22000007a 4500
008 240809b |||||||| |||| 00| 0 eng d
020 |a 9780367897864 
100 |a HUNTER, Jane 
245 |a High possibility STEM classrooms  |b  : integrated STEM learning in research and practice   |c / Jane Hunter  |g xv,225p;ill 
260 |b Routledge  |c 2021  |h New York  |i 702243  |i 702244  |l Q183.4A8H89  |m Science--Study and teaching--Australia--Case studies.   |m Technology--Study and teaching--Australia--Case studies.  |m Engineering--Study and teaching--Australia--Case studies.  |m Mathematics--Study and teaching--Australia--Case studies.  |m Multicultural education--Australia--Case studies. 
500 |a Includes bibliographical references and index. 
942 |a lcc  |c BK  |e Johnson  |f 09/08/24 
952 |0 0  |1 0  |2 lcc  |4 0  |6 Q01834 A8 H89  |7 0  |9 5460  |a HOL  |b HOL  |c QZ  |d 2024-08-09  |l 0  |o Q183.4A8H89  |p 2024-0701  |r 2024-08-09 00:00:00  |t 702243  |w 2024-08-09  |y BK 
952 |0 0  |1 0  |2 lcc  |4 0  |6 Q01834 A8 H89  |7 0  |9 5461  |a HOL  |b HOL  |c QZ  |d 2024-08-09  |l 0  |o Q183.4A8H89  |p 2024-0702  |r 2024-08-09 00:00:00  |t 702244  |w 2024-08-09  |y BK 
999 |c 2702  |d 2702